=LDR 00000nam 2200000 4500 =001 INLIS000000000038650 =005 20130612144320 =008 ***********************************Ind** =035 ##$$0010-061300000038650 =041 ##$$a Ind =082 ##$$a 641.8 =090 ##$$a 641.8, Suf k =100 ##$$a Sufi S.Y =245 ##$$a Kolak bubur dan es campur, Sufi S.Y; Penyunting, Rhein Fathia =260 ##$$a 2011 $b Jakarta =300 ##$$a iv,59 hlm, Ilus, 21 cm =650 ##$$a Kue (Kolak) =700 ##$$a Fathia, Rhein =850 ##$$a NBPNMAT